[Event "CHN Team Men 2016"]
[Site "Wuxi CHN"]
[Date "2016.07.28"]
[Round "1.1"]
[Board "1"]
[White "Bu, Xiangzhi"]
[Black "Xu, Xiangyu"]
[Result "1/2-1/2"]
[WhiteTitle "GM"]
[WhiteElo "2723"]
[BlackElo "2466"]
[WhiteTeam "Shandong"]
[BlackTeam "Chengdu"]
[WhiteFideId "8601445"]
[BlackFideId "8608288"]
[EventDate "2016.07.28"]

1. Nf3 Nf6 2. c4 g6 3. Nc3 d5 4. cxd5 Nxd5 5. h4 Bg7 6. e4 Nxc3 7. dxc3 Qxd1+ 8.
Kxd1 Nd7 9. Bc4 Nc5 10. Ng5 f6 11. Be3 Na4 12. Bf7+ Kf8 13. Bb3 fxg5 14. Bxa4
gxh4 15. Rxh4 Be6 16. Kc2 h5 17. Rf4+ Kg8 18. Rf3 Bf6 19. Bb3 Bxb3+ 20. axb3 Kg7
21. Ra5 b6 22. Ra6 g5 23. e5 Bxe5 24. Bxg5 Rhf8 25. Rxf8 Rxf8 26. Be3 Kf6 27.
Kd3 h4 28. Ke4 Ke6 29. Rxa7 h3 30. g4 h2 31. Ra1 Rh8 32. Rh1 Rh3 33. b4 Bd6 34.
b5 Kf6 35. Kd5 Rxe3 36. fxe3 Kg5 37. e4 Bg3 38. Ke6 Kxg4 39. Kxe7 Kf3 40. Kd7
Kxe4 41. Kc6 Kf3 1/2-1/2

[Event "CHN Team Men 2016"]
[Site "Wuxi CHN"]
[Date "2016.07.28"]
[Round "1.2"]
[Board "1"]
[White "Lu, Shanglei"]
[Black "Li, Chao b"]
[Result "1/2-1/2"]
[WhiteTitle "GM"]
[BlackTitle "GM"]
[WhiteElo "2611"]
[BlackElo "2758"]
[WhiteTeam "Zhejiang Feiao"]
[BlackTeam "Beijing Beiao"]
[WhiteFideId "8603332"]
[BlackFideId "8604436"]
[EventDate "2016.07.28"]

1. e4 e5 2. Bc4 Nf6 3. d3 c6 4. Nf3 d5 5. Bb3 a5 6. a4 Bb4+ 7. Bd2 O-O 8. exd5
Nxd5 9. O-O Bg4 10. h3 Bxf3 11. Qxf3 Na6 12. Re1 Re8 13. Re2 Nc5 14. Bc4 Bxd2
15. Nxd2 Nf4 16. Re3 Qd7 17. Ne4 Nce6 18. Qg4 Qe7 19. Rae1 h5 20. Qd1 Rad8 21.
Ng3 h4 22. Nf5 Qg5 23. Qg4 Qxg4 24. hxg4 Ng6 25. c3 Kf8 26. Kf1 Nc5 27. b3 Ne6
28. Rf3 Ng5 29. Rfe3 Ne6 30. Rf3 Ng5 31. Rfe3 1/2-1/2

[Event "CHN Team Men 2016"]
[Site "Wuxi CHN"]
[Date "2016.07.28"]
[Round "1.4"]
[Board "1"]
[White "Dai, Changren"]
[Black "Zhou, Jianchao"]
[Result "0-1"]
[BlackTitle "GM"]
[WhiteElo "2351"]
[BlackElo "2620"]
[WhiteTeam "Tianjing Chunhua"]
[BlackTeam "Shanghai"]
[WhiteFideId "8608156"]
[BlackFideId "8603537"]
[EventDate "2016.07.28"]

1. e4 c6 2. d4 d5 3. Nc3 dxe4 4. Nxe4 Bf5 5. Ng3 Bg6 6. Nh3 Nf6 7. Nf4 e5 8.
dxe5 Qa5+ 9. c3 Qxe5+ 10. Qe2 Nbd7 11. Nxg6 hxg6 12. Bf4 Qxe2+ 13. Bxe2 Bc5 14.
O-O O-O-O 15. Rad1 Rde8 16. h3 Ne4 17. Bf3 Ndf6 18. b4 Nxg3 19. Bxg3 Bb6 20. c4
Bc7 21. Rd4 Be5 22. Bxe5 Rxe5 23. Rb1 Rd8 24. Rxd8+ Kxd8 25. Rd1+ Kc7 26. h4 a5
27. a3 Re8 28. Kf1 axb4 29. axb4 Ra8 30. Re1 Kd8 31. b5 Ra4 32. Rc1 Kc7 33. Re1
Kd8 34. Rc1 cxb5 35. cxb5 Rxh4 36. g3 Rb4 37. Bxb7 Rxb5 38. Bf3 Rb3 39. Kg2 Ra3
40. Rb1 Ra7 41. Rd1+ Ke7 42. Re1+ Kf8 43. Re5 Re7 44. Ra5 Rc7 45. Re5 Nd7 46.
Ra5 Ke7 47. Be4 Nf6 48. Bf3 Ne8 49. Re5+ Kd8 50. Rd5+ Rd7 51. Ra5 Nd6 52. Re5
Nc4 53. Rc5 Rc7 54. Rb5 Nd6 55. Re5 Nc4 56. Rb5 Ke7 57. Bd5 Nd6 58. Rb2 Rc5 59.
Rd2 g5 60. Re2+ Kf6 61. Bf3 g6 62. Rd2 Nc4 63. Ra2 Ne5 64. Ra6+ Kg7 65. Ra2 g4
66. Be2 Kh6 67. f4 gxf3+ 68. Bxf3 Rc3 69. Be2 f5 70. Kf2 Nd7 71. Bf3 Nc5 72. Kg2
Nd3 73. Be2 Nc5 74. Bf3 g5 75. Rb2 g4 76. Bd5 Nd3 77. Rb6+ Kg5 78. Rb5 Kf6 79.
Bb7 Rc2+ 80. Kg1 Nc5 81. Bg2 Ke5 82. Rb4 Ne6 83. Rb5+ Nc5 84. Rb4 Nd3 85. Rb5+
Kf6 86. Rb6+ Kg5 87. Rb5 Rc3 88. Be4 Nc5 89. Bg2 Ne6 90. Kf2 Rc2+ 91. Kg1 Nd4
92. Ra5 Ne2+ 93. Kh2 Rc3 94. Ra8 Nxg3 95. Ra4 Ne2 0-1

[Event "CHN Team Men 2016"]
[Site "Wuxi CHN"]
[Date "2016.07.28"]
[Round "1.5"]
[Board "1"]
[White "Zeng, Chongsheng"]
[Black "Lin, Yi"]
[Result "1/2-1/2"]
[WhiteTitle "GM"]
[WhiteElo "2552"]
[BlackElo "2119"]
[WhiteTeam "Guangdong"]
[BlackTeam "Shenzhen Qiyuan"]
[WhiteFideId "8603847"]
[BlackFideId "8609659"]
[EventDate "2016.07.28"]

1. e4 e5 2. Nc3 Nf6 3. g3 d5 4. exd5 Nxd5 5. Bg2 Nxc3 6. bxc3 Bc5 7. Ne2 Nc6 8.
O-O O-O 9. d3 Be6 10. Be3 Bb6 11. c4 Qd6 12. Nc3 Bxe3 13. fxe3 f5 14. Rb1 Rab8
15. Qe1 a6 16. g4 fxg4 17. Rxf8+ Qxf8 18. Qg3 Qd6 19. Ne4 Qe7 20. Nf2 Qd7 21.
Ne4 Qe7 22. Nf2 Qd7 23. Bxc6 Qxc6 24. Qxe5 Re8 25. e4 Bxc4 26. Qc3 Bd5 27. Qxc6
Bxc6 28. Nxg4 Kf7 29. Kf2 g5 30. h4 gxh4 31. Nh6+ Kf6 32. Nf5 h3 33. Kg3 b6 34.
Rf1 Rg8+ 35. Kh4 Rg6 36. Ng3+ Ke7 37. Kxh3 Bd7+ 38. Kg2 h5 39. Rh1 Bg4 40. Kf2
Rc6 41. c4 Rf6+ 42. Nf5+ Bxf5 43. exf5 Rxf5+ 44. Ke3 Kf6 45. d4 Rg5 46. a4 Kg6
47. Ke4 Rg4+ 48. Kd5 h4 49. Rd1 Kh5 50. Kc6 Rg7 51. Rh1 Rh7 52. c5 bxc5 53. dxc5
Kg4 54. a5 h3 55. Kb7 Kg3 56. Kxa6 Rh5 57. Kb5 Kg2 58. Ra1 h2 59. Kc6 Rf5 60. a6
Rf1 61. Ra2+ Rf2 62. Ra1 Rf1 63. Ra2+ Rf2 64. Ra1 Rf1 1/2-1/2

[Event "CHN Team Men 2016"]
[Site "Wuxi CHN"]
[Date "2016.07.28"]
[Round "1.6"]
[Board "1"]
[White "Zhang, Fuhan"]
[Black "Wang, Yiye"]
[Result "1/2-1/2"]
[BlackTitle "IM"]
[WhiteElo "1911"]
[BlackElo "2450"]
[WhiteTeam "Shanxi Huxiaoling"]
[BlackTeam "Heilongjiang Qipai"]
[WhiteFideId "8616493"]
[BlackFideId "8606021"]
[EventDate "2016.07.28"]

1. e4 e6 2. d4 d5 3. Nd2 Nf6 4. e5 Nfd7 5. f4 c5 6. Ngf3 Nc6 7. Nb3 c4 8. Nbd2
Qa5 9. c3 b5 10. Be2 Nb6 11. b4 cxb3 12. Nxb3 Qa4 13. Nc5 Bxc5 14. Qxa4 bxa4 15.
Bb5 Bd7 16. dxc5 Na5 17. Nd4 a6 18. cxb6 axb5 19. Rb1 Nc4 20. Nxb5 Bxb5 21. Rxb5
Kd7 22. b7 Rab8 23. Ke2 Kc6 24. Rb4 Rxb7 25. Rxb7 Kxb7 26. Be3 Na3 27. Bc5 Nb5
28. Rb1 Kc6 29. Bd4 h5 30. Rb4 Ra8 31. h4 Na3 32. Rb6+ Kc7 33. g3 Nc4 34. Rb4
Kc6 35. Kd3 Kc7 36. Ke2 Kc6 37. Kd3 Ra5 38. Ke2 Kc7 39. Kd3 Ra6 40. Rb5 Ra8 41.
Rc5+ Kd7 42. Rb5 Kc6 43. Rc5+ Kd7 44. Rb5 Kc6 1/2-1/2

[Event "CHN Team Men 2016"]
[Site "Wuxi CHN"]
[Date "2016.07.28"]
[Round "1.7"]
[Board "1"]
[White "Wan, Yunguo"]
[Black "Ma, Ling"]
[Result "1-0"]
[WhiteTitle "GM"]
[WhiteElo "2481"]
[BlackElo "1951"]
[WhiteTeam "Hebei Ticai"]
[BlackTeam "Shaanxi"]
[WhiteFideId "8603189"]
[BlackFideId "8610533"]
[EventDate "2016.07.28"]

1. e4 c5 2. Nf3 e6 3. b3 d6 4. Bb2 Nf6 5. Bd3 Be7 6. O-O O-O 7. Re1 Nc6 8. c3 a6
9. Bc2 b5 10. d3 Bb7 11. Nbd2 Nd7 12. d4 cxd4 13. cxd4 Rc8 14. a3 Bf6 15. Rc1 e5
16. Nf1 exd4 17. Nxd4 Nxd4 18. Bxd4 Bxd4 19. Qxd4 Qa5 20. Ne3 Nf6 21. Red1 Qxa3
22. Nf5 Rxc2 23. Rxc2 Bxe4 24. Ne7+ Kh8 25. Rc3 d5 26. b4 Qa2 27. f3 Bg6 28.
Nxd5 Nxd5 29. Qxd5 Qe2 30. Qd2 Qe7 31. Qd6 Qa7+ 32. Kh1 Re8 33. Rc8 1-0

[Event "CHN Team Men 2016"]
[Site "Wuxi CHN"]
[Date "2016.07.29"]
[Round "2.1"]
[Board "1"]
[White "Zeng, Chongsheng"]
[Black "Bu, Xiangzhi"]
[Result "1/2-1/2"]
[WhiteTitle "GM"]
[BlackTitle "GM"]
[WhiteElo "2552"]
[BlackElo "2723"]
[WhiteTeam "Guangdong"]
[BlackTeam "Shandong"]
[WhiteFideId "8603847"]
[BlackFideId "8601445"]
[EventDate "2016.07.28"]

1. c4 e6 2. Nf3 d5 3. g3 Nf6 4. Bg2 d4 5. O-O c5 6. d3 Nc6 7. e3 h6 8. exd4 cxd4
9. Re1 Bd6 10. Na3 O-O 11. Nc2 a5 12. Na3 e5 13. Nb5 Bf5 14. Nh4 Bh7 15. Nxd6
Qxd6 16. f4 exf4 17. Bxf4 Qc5 18. Rf1 Ne5 19. Bxe5 Qxe5 20. Qf3 Rae8 21. Nf5
Bxf5 22. Qxf5 Qe3+ 23. Kh1 Qd2 24. Rf2 Re2 25. Rxe2 Qxe2 26. Rf1 Qxb2 27. Qxa5
Ng4 28. Qb5 Qxa2 29. Qxb7 Ne3 30. Rg1 Qc2 31. Qb1 Qe2 32. h3 Re8 33. c5 Qf2 34.
Qb5 Kf8 35. Qd7 Nf5 36. g4 Ng3+ 37. Kh2 Qf4 38. Qd6+ Qxd6 39. cxd6 Ne2 40. Rb1
Rd8 41. Rb6 Nc3 42. Kg3 g5 43. Be4 Nxe4+ 44. dxe4 f6 45. Kf3 Kf7 46. Ke2 Ke6 47.
Kd3 Ke5 1/2-1/2

[Event "CHN Team Men 2016"]
[Site "Wuxi CHN"]
[Date "2016.07.29"]
[Round "2.3"]
[Board "1"]
[White "Zhou, Jianchao"]
[Black "Wan, Yunguo"]
[Result "1-0"]
[WhiteTitle "GM"]
[BlackTitle "GM"]
[WhiteElo "2620"]
[BlackElo "2481"]
[WhiteTeam "Shanghai"]
[BlackTeam "Hebei Ticai"]
[WhiteFideId "8603537"]
[BlackFideId "8603189"]
[EventDate "2016.07.28"]

1. c4 Nf6 2. Nc3 e5 3. e3 Bb4 4. Nge2 O-O 5. a3 Bxc3 6. Nxc3 d5 7. cxd5 Nxd5 8.
Qc2 Re8 9. Be2 Nxc3 10. bxc3 e4 11. O-O Nd7 12. c4 Nc5 13. Bb2 Bf5 14. Bd4 Ne6
15. Be5 Nc5 16. Bd4 Ne6 17. Bc3 Qg5 18. Kh1 Rad8 19. Qb2 b6 20. f3 Qh6 21. Rf2
Qh4 22. g3 Qh3 23. g4 Qh4 24. Raf1 exf3 25. gxf5 fxe2 26. Rxe2 Nd4 27. Rg2 c5
28. Qb1 Rd7 29. exd4 cxd4 30. Bb2 Rde7 31. Qd3 Re4 32. Qg3 Qf6 33. Bc1 d3 34.
Qxd3 Re1 35. Rxe1 Rxe1+ 36. Rg1 1-0

[Event "CHN Team Men 2016"]
[Site "Wuxi CHN"]
[Date "2016.07.29"]
[Round "2.4"]
[Board "1"]
[White "Li, Chao b"]
[Black "Xu, Xiangyu"]
[Result "1-0"]
[WhiteTitle "GM"]
[WhiteElo "2758"]
[BlackElo "2466"]
[WhiteTeam "Beijing Beiao"]
[BlackTeam "Chengdu"]
[WhiteFideId "8604436"]
[BlackFideId "8608288"]
[EventDate "2016.07.28"]

1. d4 Nf6 2. c4 g6 3. Nc3 d5 4. Nf3 Bg7 5. cxd5 Nxd5 6. Na4 Bf5 7. Nh4 Bc8 8. e4
Nb4 9. Nf3 Bxd4 10. Bc4 N4c6 11. Bh6 a6 12. O-O b5 13. Bd5 e6 14. Nxd4 exd5 15.
exd5 Qxd5 16. Re1+ 1-0

[Event "CHN Team Men 2016"]
[Site "Wuxi CHN"]
[Date "2016.07.29"]
[Round "2.5"]
[Board "1"]
[White "Ma, Zhonghan"]
[Black "Lu, Shanglei"]
[Result "1-0"]
[WhiteTitle "IM"]
[BlackTitle "GM"]
[WhiteElo "2461"]
[BlackElo "2611"]
[WhiteTeam "Qingdao"]
[BlackTeam "Zhejiang Feiao"]
[WhiteFideId "8607206"]
[BlackFideId "8603332"]
[EventDate "2016.07.28"]

1. d4 d5 2. c4 e6 3. Nf3 Nf6 4. Nc3 dxc4 5. e4 Bb4 6. Bxc4 Nxe4 7. O-O Nf6 8.
Qa4+ Nc6 9. Bb5 Bd6 10. Bg5 O-O 11. Bxc6 bxc6 12. Ne5 Bb7 13. Rad1 h6 14. Bh4
Rb8 15. Ne4 g5 16. Nxg5 hxg5 17. Bxg5 Kg7 18. Rd3 Bxe5 19. dxe5 Qxd3 20. Bxf6+
Kg8 21. Rd1 Qg6 22. Qh4 Qh7 23. Qg3+ Qg6 24. Qh3 Qh7 25. Rd3 Rfd8 26. Qxh7+ Kxh7
27. Rxd8 Rxd8 28. Bxd8 Ba6 29. f3 Bc4 30. a3 Kg6 31. g4 a5 32. Kf2 Bb3 33. h4
Bd1 34. h5+ Kh6 35. Bxc7 a4 36. Kg3 c5 37. Bd6 c4 38. Bf8+ Kh7 39. f4 Kg8 40.
Be7 Kg7 41. Kh4 Bf3 42. Kg5 Be2 43. Bd6 Bf3 44. f5 Be2 45. fxe6 fxe6 46. Kh4 Bd1
47. Bb4 Be2 48. Bd2 1-0

[Event "CHN Team Men 2016"]
[Site "Wuxi CHN"]
[Date "2016.07.29"]
[Round "2.6"]
[Board "1"]
[White "Ma, Ling"]
[Black "Dai, Changren"]
[Result "1/2-1/2"]
[WhiteElo "1951"]
[BlackElo "2351"]
[WhiteTeam "Shaanxi"]
[BlackTeam "Tianjing Chunhua"]
[WhiteFideId "8610533"]
[BlackFideId "8608156"]
[EventDate "2016.07.28"]

1. e4 c5 2. Nf3 Nc6 3. d4 cxd4 4. Nxd4 Nf6 5. Nc3 d6 6. Bg5 Bd7 7. Qd2 Rc8 8.
O-O-O Nxd4 9. Qxd4 Qa5 10. Be3 a6 11. Qb6 Qxb6 12. Bxb6 e6 13. f3 Bc6 14. Bd3
Be7 15. Rhe1 O-O 16. Kb1 Nd7 17. Bf2 Nc5 18. Ne2 b5 19. Nd4 Bb7 20. Bf1 Rfd8 21.
Rc1 Bf6 22. c4 b4 23. Nb3 Kf8 24. Rcd1 Be7 25. Nxc5 dxc5 26. Kc2 Bc6 27. Rxd8+
Rxd8 28. Rd1 Ra8 29. Ra1 f6 30. a4 g5 31. b3 Kf7 32. Bd3 h5 33. Rg1 Rg8 34. Kd2
Bd6 35. Bg3 Be7 36. Bf2 Bd7 37. Ke2 f5 38. g3 Kf6 39. f4 fxe4 40. Bxe4 g4 41.
Rh1 e5 42. Bd5 Re8 43. fxe5+ Kxe5 44. Re1 Kd6 45. Kd1 Bf8 46. Bf7 1/2-1/2

[Event "CHN Team Men 2016"]
[Site "Wuxi CHN"]
[Date "2016.07.29"]
[Round "2.7"]
[Board "1"]
[White "Lin, Yi"]
[Black "Zhang, Fuhan"]
[Result "1-0"]
[WhiteElo "2119"]
[BlackElo "1911"]
[WhiteTeam "Shenzhen Qiyuan"]
[BlackTeam "Shanxi Huxiaoling"]
[WhiteFideId "8609659"]
[BlackFideId "8616493"]
[EventDate "2016.07.28"]

1. d4 Nf6 2. c4 g6 3. Nc3 Bg7 4. e4 d6 5. h3 O-O 6. Nf3 c5 7. d5 b5 8. cxb5 a6
9. a4 axb5 10. Bxb5 Ba6 11. Be3 Nfd7 12. O-O Nb6 13. Nd2 f5 14. exf5 gxf5 15.
Bg5 Rf7 16. Nf3 Bxb5 17. axb5 Rxa1 18. Qxa1 Bxc3 19. bxc3 Nxd5 20. Rd1 Nb6 21.
Ne5 Rg7 22. Bh6 Qc7 23. Bxg7 Kxg7 24. Nf3 e5 25. Nh4 Kf6 26. Qb1 e4 27. Qc1 Qd7
28. Qh6+ Ke5 29. f4+ exf3 30. Nxf3+ Ke4 31. Rxd6 1-0

[Event "CHN Team Men 2016"]
[Site "Wuxi CHN"]
[Date "2016.07.29"]
[Round "3.2"]
[Board "1"]
[White "Li, Chao b"]
[Black "Zeng, Chongsheng"]
[Result "1-0"]
[WhiteTitle "GM"]
[BlackTitle "GM"]
[WhiteElo "2758"]
[BlackElo "2552"]
[WhiteTeam "Beijing Beiao"]
[BlackTeam "Guangdong"]
[WhiteFideId "8604436"]
[BlackFideId "8603847"]
[EventDate "2016.07.28"]

1. d4 Nf6 2. c4 e6 3. g3 c5 4. Nf3 cxd4 5. Nxd4 d5 6. Bg2 e5 7. Nb3 d4 8. O-O
Nc6 9. f4 e4 10. f5 a5 11. e3 d3 12. Nc3 Be7 13. Nxe4 O-O 14. Nxf6+ Bxf6 15. Nc5
Ne5 16. Bd5 Nxc4 17. Bxc4 Qc7 18. Ne4 Qxc4 19. Nxf6+ gxf6 20. Bd2 Ra6 21. Rf4
Qc2 22. Qg4+ Kh8 23. Bc3 d2 24. Rd1 Rg8 25. Qe2 Rd8 26. Bd4 Rd5 27. Rxd2 Qb1+
28. Rd1 Qxa2 29. Qh5 Qb3 30. Rc1 Rd8 31. Qh6 1-0

[Event "CHN Team Men 2016"]
[Site "Wuxi CHN"]
[Date "2016.07.29"]
[Round "3.3"]
[Board "1"]
[White "Zhao, Jun"]
[Black "Ma, Zhonghan"]
[Result "0-1"]
[WhiteTitle "GM"]
[BlackTitle "IM"]
[WhiteElo "2622"]
[BlackElo "2461"]
[WhiteTeam "Shandong"]
[BlackTeam "Qingdao"]
[WhiteFideId "8602522"]
[BlackFideId "8607206"]
[EventDate "2016.07.28"]

1. g3 Nf6 2. Bg2 g6 3. e4 d6 4. d4 Bg7 5. Ne2 O-O 6. O-O e5 7. Nbc3 Nc6 8. d5
Ne7 9. Bg5 h6 10. Bd2 Bd7 11. a4 Qc8 12. Re1 Bh3 13. Bh1 c6 14. a5 cxd5 15. Nxd5
Nexd5 16. exd5 Ng4 17. Bb4 Qf5 18. f3 Ne3 19. Qd2 Nxc2 20. g4 Qg5 21. Qxg5 hxg5
22. Bxd6 Nxe1 23. Bxf8 Bxf8 24. Kf2 Nd3+ 25. Kg3 Rc8 26. Kxh3 Rc2 27. Nc3 Nf2+
28. Kg3 f5 29. gxf5 gxf5 30. h4 f4+ 31. Kh2 gxh4 32. Re1 Bc5 33. Re2 Rxe2 34.
Nxe2 Bb4 35. a6 bxa6 36. Bg2 Kf7 37. Nc1 a5 38. Bf1 Ke7 39. b3 Kd6 40. Be2 Kxd5
41. Nd3 Nxd3 42. Bxd3 Bd6 43. Bb5 Kc5 44. Ba4 e4 45. fxe4 f3+ 0-1

[Event "CHN Team Men 2016"]
[Site "Wuxi CHN"]
[Date "2016.07.29"]
[Round "3.4"]
[Board "1"]
[White "Wan, Yunguo"]
[Black "Wang, Yiye"]
[Result "1/2-1/2"]
[WhiteTitle "GM"]
[BlackTitle "IM"]
[WhiteElo "2481"]
[BlackElo "2450"]
[WhiteTeam "Hebei Ticai"]
[BlackTeam "Heilongjiang Qipai"]
[WhiteFideId "8603189"]
[BlackFideId "8606021"]
[EventDate "2016.07.28"]

1. e4 e6 2. d4 d5 3. Nc3 dxe4 4. Nxe4 Bd7 5. Nf3 Bc6 6. Bd3 Nd7 7. O-O Ngf6 8.
Ng3 Be7 9. Re1 O-O 10. a3 Re8 11. b3 Bxf3 12. Qxf3 c6 13. Bb2 Qa5 14. c4 Nf8 15.
h4 Rad8 16. b4 Qc7 17. h5 h6 18. Ne4 N8h7 19. Nxf6+ Bxf6 20. Rad1 a5 21. Qe4 Nf8
22. Re3 axb4 23. axb4 Bg5 24. Rg3 f5 25. Qe2 Bh4 26. Rh3 Bf6 27. Bc2 Qb6 28. c5
Qc7 29. Bb3 Kh8 30. Rhd3 Re7 31. Bc4 Red7 32. g3 Re7 33. Bc1 Bg5 34. Bxg5 hxg5
35. Re3 Rde8 36. Kg2 Qd8 37. b5 Nd7 38. bxc6 bxc6 39. Qa2 Nxc5 40. h6 Nd7 41.
Bxe6 f4 42. Re4 1/2-1/2

[Event "CHN Team Men 2016"]
[Site "Wuxi CHN"]
[Date "2016.07.29"]
[Round "3.5"]
[Board "1"]
[White "Dai, Changren"]
[Black "Lin, Yi"]
[Result "1/2-1/2"]
[WhiteElo "2351"]
[BlackElo "2119"]
[WhiteTeam "Tianjing Chunhua"]
[BlackTeam "Shenzhen Qiyuan"]
[WhiteFideId "8608156"]
[BlackFideId "8609659"]
[EventDate "2016.07.28"]

1. e4 e5 2. Nf3 Nf6 3. Nxe5 d6 4. Nf3 Nxe4 5. d4 d5 6. Bd3 Nc6 7. Nc3 Nxc3 8.
bxc3 Bd6 9. O-O O-O 10. Ng5 g6 11. Qf3 Ne7 12. c4 c6 13. cxd5 cxd5 14. Rb1 Nf5
15. Bxf5 Bxf5 16. Rxb7 Rb8 17. Rxb8 Bxb8 18. g4 Bc8 19. Bf4 Qf6 20. Bxb8 Qxg5
21. h3 h5 22. Qg3 hxg4 23. hxg4 Qxg4 24. Bxa7 Qxg3+ 25. fxg3 Bf5 26. Bc5 Ra8 27.
a3 Bxc2 28. Kf2 Kg7 29. Ke3 f6 30. Kd2 Be4 31. Ra1 Ra4 32. Kc3 Rc4+ 33. Kb2 Bc2
34. Rc1 Bd3 35. Rd1 Bc2 36. Rc1 Bd3 37. Re1 Rc2+ 38. Kb3 Re2 39. Rxe2 Bxe2 40.
Kb4 1/2-1/2

[Event "CHN Team Men 2016"]
[Site "Wuxi CHN"]
[Date "2016.07.29"]
[Round "3.6"]
[Board "1"]
[White "Lu, Shanglei"]
[Black "Zhang, Fuhan"]
[Result "1-0"]
[WhiteTitle "GM"]
[WhiteElo "2611"]
[BlackElo "1911"]
[WhiteTeam "Zhejiang Feiao"]
[BlackTeam "Shanxi Huxiaoling"]
[WhiteFideId "8603332"]
[BlackFideId "8616493"]
[EventDate "2016.07.28"]

1. e4 c5 2. Nf3 Nc6 3. Bb5 e6 4. O-O Nge7 5. Re1 a6 6. Bf1 d5 7. exd5 Nxd5 8. d4
Be7 9. c4 Nf6 10. Be3 cxd4 11. Nxd4 Nxd4 12. Bxd4 Bd7 13. Nc3 Bc6 14. a3 a5 15.
Qd3 O-O 16. Rad1 Nd7 17. Qg3 Bf6 18. Ne4 Bxe4 19. Rxe4 Nc5 20. Rg4 g6 21. Qf3
Bxd4 22. Rgxd4 Qb6 23. h4 Qxb2 24. h5 e5 25. R4d2 Qb6 26. Rd6 Qc7 27. Qd5 Ne6
28. Qxe5 Rad8 29. c5 Nxc5 30. hxg6 Ne6 31. gxh7+ Kxh7 32. Bd3+ Kg8 33. Qg3+ Kh8
34. Qh4+ Kg7 35. Rxe6 Rxd3 36. Qg5+ 1-0

[Event "CHN Team Men 2016"]
[Site "Wuxi CHN"]
[Date "2016.07.29"]
[Round "3.7"]
[Board "1"]
[White "Xu, Xiangyu"]
[Black "Ma, Ling"]
[Result "1-0"]
[WhiteElo "2466"]
[BlackElo "1951"]
[WhiteTeam "Chengdu"]
[BlackTeam "Shaanxi"]
[WhiteFideId "8608288"]
[BlackFideId "8610533"]
[EventDate "2016.07.28"]

1. d4 Nf6 2. c4 c5 3. d5 e6 4. Nc3 exd5 5. cxd5 d6 6. Nf3 g6 7. Bf4 Bg7 8. Qa4+
Bd7 9. Qb3 Qc7 10. e4 O-O 11. Nd2 Nh5 12. Be3 f5 13. exf5 Bxf5 14. Be2 Nf6 15.
h3 Na6 16. a3 Rae8 17. O-O Qb8 18. Rfe1 Kh8 19. Bf4 Nd7 20. Bxa6 bxa6 21. Qxb8
Rxe1+ 22. Rxe1 Rxb8 23. Bxd6 Rc8 24. Nc4 Nb6 25. Nxb6 axb6 26. Na4 b5 27. Nb6 1-0

[Event "CHN Team Men 2016"]
[Site "Wuxi CHN"]
[Date "2016.07.30"]
[Round "4.1"]
[Board "1"]
[White "Zhou, Jianchao"]
[Black "Li, Chao b"]
[Result "1/2-1/2"]
[WhiteTitle "GM"]
[BlackTitle "GM"]
[WhiteElo "2620"]
[BlackElo "2758"]
[WhiteTeam "Shanghai"]
[BlackTeam "Beijing Beiao"]
[WhiteFideId "8603537"]
[BlackFideId "8604436"]
[EventDate "2016.07.28"]

1. Nf3 d5 2. d4 Bf5 3. g3 Nf6 4. Bg2 e6 5. O-O Bd6 6. c4 c6 7. Nc3 Nbd7 8. Nd2
O-O 9. e4 dxe4 10. Ndxe4 Nxe4 11. Nxe4 Bxe4 12. Bxe4 Nf6 13. Bf3 Qa5 14. Qb3 Qb6
15. Qc2 c5 16. dxc5 Bxc5 17. b4 Bd4 18. Rb1 h6 19. c5 Qc7 20. Bb2 Bxb2 21. Qxb2
e5 22. Rbd1 e4 23. Be2 b6 24. cxb6 axb6 25. Bb5 Qc8 26. Rd6 Nh7 27. h4 Nf6 28.
a4 Rd8 29. Rxb6 Nd5 30. Rc6 Qh3 31. Qe5 e3 32. Bc4 Rxa4 33. fxe3 Rxb4 34. Rxf7
Rb1+ 35. Rf1 Rxf1+ 36. Bxf1 Qd7 37. Rg6 Qc7 38. Qxc7 Nxc7 39. Rc6 Ne8 40. Bc4+
Kf8 41. Kf2 Nf6 42. Kf3 Nd7 43. Kf4 Rb8 44. e4 Rb6 45. Rxb6 Nxb6 46. Be6 Ke7 47.
Kf5 Na8 48. h5 Nc7 49. Bc4 Ne8 50. e5 Nc7 51. Kg6 Kf8 52. g4 Ne8 53. Kf5 Nc7 54.
Ke4 Ke7 55. Kd4 Kd7 56. Ke4 Ke7 57. Kf5 Ne8 58. Kg6 Kf8 59. g5 hxg5 60. Kxg5 Ke7
61. Kg6 Kf8 62. Bb3 Nc7 63. e6 Ne8 64. Ba4 Nc7 65. Bb3 Ne8 66. Ba4 Nc7 67. e7+
Kxe7 68. Kxg7 Ne6+ 69. Kg8 Kf6 70. h6 Nf8 71. Be8 Kg5 72. Kxf8 1/2-1/2

[Event "CHN Team Men 2016"]
[Site "Wuxi CHN"]
[Date "2016.07.30"]
[Round "4.3"]
[Board "1"]
[White "Ma, Zhonghan"]
[Black "Dai, Changren"]
[Result "1-0"]
[WhiteTitle "IM"]
[WhiteElo "2461"]
[BlackElo "2351"]
[WhiteTeam "Qingdao"]
[BlackTeam "Tianjing Chunhua"]
[WhiteFideId "8607206"]
[BlackFideId "8608156"]
[EventDate "2016.07.28"]

1. d4 Nf6 2. c4 g6 3. Nc3 Bg7 4. Nf3 O-O 5. e4 d6 6. h3 Na6 7. Be3 e5 8. dxe5
dxe5 9. c5 Qe7 10. Bxa6 bxa6 11. O-O Rb8 12. Qc2 c6 13. Rad1 Qc7 14. Rd6 Ne8 15.
Rd3 f5 16. Rfd1 f4 17. Bc1 Bf6 18. Na4 Rb4 19. b3 Rxe4 20. Nc3 Rb4 21. Ba3 Rb8
22. Ne4 Bf5 23. Qc4+ Qf7 24. Nxf6+ Nxf6 25. Qxf7+ Rxf7 26. Rd8+ Rxd8 27. Rxd8+
Rf8 28. Rxf8+ Kxf8 29. Nxe5 Be4 30. f3 Bd5 31. h4 a5 32. Bc1 Nh5 33. Nd3 a4 34.
bxa4 Bxa2 35. Nb4 Bb3 36. a5 Ba4 37. Bb2 Bb5 38. a6 Ke7 39. Be5 Nf6 40. Bxf4 Nd5
41. Nxd5+ cxd5 42. Bb8 Bxa6 43. Bxa7 Kd7 44. Kf2 Kc6 45. Ke3 Bc4 46. g4 Bb3 47.
f4 Bd1 48. g5 Bc2 49. Kd4 Be4 50. Bb6 Kb5 51. Bc7 Kc6 52. Ba5 Bf5 53. Bd2 Bc2
54. Be3 Be4 55. Ke5 Bf5 56. h5 Kb5 1-0

[Event "CHN Team Men 2016"]
[Site "Wuxi CHN"]
[Date "2016.07.30"]
[Round "4.4"]
[Board "1"]
[White "Lu, Shanglei"]
[Black "Wan, Yunguo"]
[Result "1-0"]
[WhiteTitle "GM"]
[BlackTitle "GM"]
[WhiteElo "2611"]
[BlackElo "2481"]
[WhiteTeam "Zhejiang Feiao"]
[BlackTeam "Hebei Ticai"]
[WhiteFideId "8603332"]
[BlackFideId "8603189"]
[EventDate "2016.07.28"]

1. e4 c5 2. Nf3 Nc6 3. Nc3 g6 4. Bc4 Bg7 5. a3 d6 6. d3 Nf6 7. h3 O-O 8. Be3 a6
9. Ba2 b5 10. Rb1 Rb8 11. O-O a5 12. Re1 b4 13. Nd5 a4 14. Nxf6+ Bxf6 15. axb4
cxb4 16. d4 Na5 17. Ra1 Bg7 18. Qd2 Bd7 19. b3 a3 20. Rac1 Qc7 21. Bh6 Rfc8 22.
Bxg7 Kxg7 23. Re3 Qb6 24. d5 Nb7 25. e5 dxe5 26. Nxe5 Be8 27. Nc4 Qc5 28. Rce1
Rc7 29. c3 bxc3 30. Qxc3+ Kg8 31. b4 Qxd5 32. Qxa3 Rxc4 33. Qa7 Rbc8 34. Bxc4
Rxc4 35. Qa8 Qc6 36. Rxe7 Nd6 37. Rxe8+ Nxe8 38. Rxe8+ Kg7 39. Rg8+ Kh6 40. Qf8+
Kg5 41. Qxf7 Re4 42. Kh2 Qd6+ 43. g3 1-0